000 01313nam0a2200325 4500
001 RU\NLR\BIBL_A\012680268
005 20260405230437.0
035 _a(NLR Aleph) 012680268
090 _a12812525
_c12812525
100 _a20220110d2022 |||y0rusy50 ca
101 0 _arus
102 _aRU
105 _ach||w|||000zy
181 0 _ai3
_baxxe
182 0 _an
200 1 _aБеседы, 1926 год
_fбратец Иоанн Чуриков (Самарский)
203 _aТекст
_bвизуальный
_cнепосредственный
210 _a[Б. м.
_cб. и.
_d2022]
215 _a436 с.
_cпортр., факс.
_d21
300 _aНа обл.: Беседы Господа Братца Иоанна, 1926 год
512 1 _aБеседы Господа Братца Иоанна, 1926 год
606 1 _aЧуриковцы, религиозное движение
_92468614
_3RU\NLR\AUTH\6601683440
606 1 _aБеседы религиозные
_92072151
_3RU\NLR\AUTH\661246974
686 2 _aЭ372.248.64
700 1 _7ca
_8rus
_aЧуриков
_bИ. А.
_f1862-1930
_gИван Алексеевич
_987363
_3RU\NLR\AUTH\77104438
942 _cBOOK
980 _aNB